| 000 | 00897cam a2200253 i 4500 | ||
|---|---|---|---|
| 003 | SA-RiAUC | ||
| 005 | 20241006060423.0 | ||
| 008 | 241002s1993 su g 00010 ara c | ||
| 040 |
_aSA-RiAUC _bara _cSA-RiAUC _erda |
||
| 050 | 4 | _b.Y87 1993 | |
| 082 | 0 | 4 |
_a090 _qSA-RiAUC |
| 090 |
_a090 _bي و س |
||
| 100 | 1 |
_aيوسف، محمد خير رمضان، _d1956- _eمؤلف. |
|
| 245 | 1 | 0 |
_aكتب نادرة من التراث الإسلامي / _cمحمد خير رمضان يوسف. |
| 264 | 1 |
_aالرياض : _bدار طويق للنشر، _c1993 |
|
| 300 |
_a183 صفحة ؛ _c24 سم |
||
| 336 |
_aنص _btxt _2rdacontent _3كتاب |
||
| 337 |
_aبدون وسيط _bn _2rdamedia |
||
| 338 |
_aمجلد _bnc _2rdacarrier |
||
| 650 | 7 |
_aالكتب النادرة _2aucsh |
|
| 650 | 7 |
_aالنثر العربي _2aucsh |
|
| 942 |
_2ddc _cBOOK _n0 |
||
| 949 |
_aSA-JeALM _d241002 _umohamedma123 _n1 |
||
| 999 |
_c892 _d892 |
||